01165nam a2200217 a 450000100100000000500170001000800410002702000250006802000240009302000240011704000250014110000270016624501370019326001150033049000360044550000430048150000510052450502700057571000660084583000360091100003973720201002033715.0130718s1985 sp 000 0 spa d a84-00-05986-7 (o.c.) a84-00-05984-0 (v.1) a84-00-05985-9 (v.2) aDO-SdBNPbspacBNPHU1 aRamos Gómez, Luis J.10aEpoca, genesis y texto de las "noticias secretas de America", de Jorge Juan y Antonio de Ulloa (1735-1745) /cLuis J. Ramos Gómez. aMadrid :bConsejo Superior de Investigaciones Científicas, Instituto "Gonzalo Fernández de Oviedo",c1985.1 aTierra nueva e cielo nuevovXVI aEdición crítica del texto original aMedio melienio del descubrimiento de América0 gv.1tEl viaje a América (1735-1745), de los tenientes de navio Jorge Juan y Antonio de Ulloa, y sus consecuencias literarias, estudios históricogv. 2.tEdición anotada del texto original de las Noticias secretas de América, de Jorge Juan y Antonio de Ulloa2 aConsejo Superior de Investigaciones Científicas, (España) 0aTierra nueva e cielo nuevovXVI